Home Print Resources E-Books E-Journals IIMT Lecture Series Library Membership Form Book Recommendation Form Campus Tour Take AdmissionAbout Us Contact Us

CLOUD COMPUTING (Record no. 57632)

000 -LEADER
fixed length control field 00330nam a22001337a 4500
008 - FIXED-LENGTH DATA ELEMENTS--GENERAL INFORMATION
fixed length control field 231104b |||||||| |||| 00| 0 eng d
020 ## - ISBN
International Standard Book Number 9780070683518
040 ## - CATALOGING SOURCE
Original cataloging agency IIMT Engineering College-BTech
100 ## - MAIN ENTRY--PERSONAL NAME
Personal name VELTE. T .ANTHONY
245 ## - TITLE STATEMENT
Title CLOUD COMPUTING
260 ## - PUBLICATION, DISTRIBUTION, ETC. (IMPRINT)
Place of publication, distribution, etc NEW DELHI ARISTA PUB
Name of publisher, distributor, etc MC GRAW HILL PUB
Date of publication, distribution, etc 31/10/2023
300 ## - PHYSICAL DESCRIPTION
Pages 334
942 ## - ADDED ENTRY ELEMENTS (KOHA)
Koha item type Book Bank
952 ## - LOCATION AND ITEM INFORMATION (KOHA)
-- 2023-11-04
-- 2023-11-04
-- CS
Holdings
Withdrawn status Lost status Source of classification or shelving scheme Damaged status Not for loan Location (home branch) Sublocation or collection (holding branch) Date acquired Cost Normal purchase price Accession No. Koha date last seen Copy number Koha item type
          IIMT Engineering College-BTech IIMT Engineering College-BTech 10/23/2031 995.00 06-B-65684 11/04/2023 1 Book Bank
IIMT, Central Library. All Rights Reserved IIMT,UNIVERSITY © 2023
Implemented and Customised by I CLOUDE EMS
You Are OPAC Visitor No
free web counter

Powered by Koha